000 00262nam a2200109Ia 4500
008 190216s9999||||xx |||||||||||||| ||und||
100 _aNalini Becker
245 0 _aKrishna
260 _bSahithya Pravarthaka Sahakarana Sangam
650 _aMalayalam
942 _cBK
999 _c25871
_d25871